| 000 | 00980nam a2200253 a 4500 | ||
|---|---|---|---|
| 005 | 20251201101447.0 | ||
| 008 | 030625s1948 mx r 000 0 spa d | ||
| 035 | _aUPN01000126795 | ||
| 049 | _aCG | ||
| 050 | 4 |
_aLB2003 _bE8.4 |
|
| 100 | 1 |
_aEscarpit, Robert Georges, _d1918-2000 _937662 |
|
| 245 | 1 | 3 |
_aLa Escuela Normal Superior de París / _cRobert G. Escarpit. |
| 260 |
_aMéxico : _bSEP : _bEscuela Normal Superior, _c1948. |
||
| 440 | 0 |
_aDel panorama internacional ; _v3 |
|
| 501 | _aCon: La educación superior en la URSS / Víctor Manuel Villaseñor -- La educación fundamental en China / S. Y. Chu | ||
| 650 | 4 |
_aEducación normal _zFrancia _918667 |
|
| 650 | 4 |
_aEDUCACION SUPERIOR - _zRUSIA _915557 |
|
| 650 | 4 |
_aEDUCACION PRIMARIA - _zCHINA (REPUBLICA POPULAR CHINA, 1949- ) _918490 |
|
| 700 | 1 | _aVillaseñor, Víctor Manuel | |
| 700 | 1 | _aChu, S. Y. | |
| 740 | 3 | _aLa educación superior en la URSS | |
| 740 | 3 | _aLa educación fundamental en China | |
| 905 | _aLibro | ||
| 999 |
_c98974 _d98974 |
||